000
00427nam a22001337a 4500
003
SGT
020
_a
9788126730735
082
_a
891.4309
_b
K17D
100
_a
दत्ता, अमित
245
_a
खुद से कई सवाल : एक भारतीय फिल्म छात्र की नोटबुक
260
_b
राजकमल प्रकाशन
_c
2017
300
_a
161
942
_2
ddc
_c
BK
999
_c
30420
_d
30420